[Event "Verbandsliga Nordbaden 2223"]
[Site "Germany"]
[Date "2023.03.05"]
[Round "7.6"]
[White "Wuest, Hans Heiner"]
[Black "Leibbrand, Udo Manfred"]
[Result "1/2-1/2"]
[WhiteElo "1979"]
[BlackElo "2049"]
[PlyCount "36"]
[EventDate "2022.09.25"]
[EventType "team-tourn"]
[EventRounds "9"]
[EventCountry "GER"]
[SourceTitle "EXT 2024"]
[Source "ChessBase"]
[SourceDate "2023.10.10"]
[SourceVersion "1"]
[SourceVersionDate "2023.10.10"]
[SourceQuality "1"]
[WhiteTeam "Walldorf II"]
[BlackTeam "Pforzheim"]
[WhiteTeamCountry "GER"]
[BlackTeamCountry "GER"]

1. Nf3 e6 2. c4 Nf6 3. g3 d5 4. Bg2 dxc4 5. Qa4+ Nbd7 6. Qxc4 c5 7. 0-0 a6 8. a4 b5 9. Qc2 Bb7 10. d3 Qb6 11. b3 Be7 12. axb5 axb5 13. Rxa8+ Bxa8 14. Bb2 0-0 15. Nbd2 Bb7 16. Ne5 Nxe5 17. Bxe5 Nd7 18. Bb2 Ra8 1/2-1/2

[Event "Verbandsliga Nordbaden 1920"]
[Site "Baden"]
[Date "2021.07.25"]
[Round "9.2"]
[White "Beer, Markus"]
[Black "Leibbrand, Udo Manfred"]
[Result "1-0"]
[WhiteElo "2105"]
[BlackElo "2049"]
[PlyCount "143"]
[EventDate "2019.09.29"]
[EventType "team-tourn"]
[EventRounds "9"]
[EventCountry "GER"]
[SourceTitle "EXT 2021"]
[Source "ChessBase"]
[SourceDate "2020.10.23"]
[SourceVersion "1"]
[SourceVersionDate "2020.10.23"]
[SourceQuality "1"]
[WhiteTeam "Eppingen II"]
[BlackTeam "Pforzheim"]
[WhiteTeamCountry "GER"]
[BlackTeamCountry "GER"]

1. e4 c5 2. Nf3 d6 3. d4 cxd4 4. Nxd4 Nf6 5. Nc3 a6 6. Be3 e5 7. Nb3 Be7 8. f3 Be6 9. Qd2 Nbd7 10. 0-0-0 b5 11. g4 0-0 12. g5 b4 13. Ne2 Nh5 14. Ng3 Nf4 15. h4 a5 16. Kb1 a4 17. Nc1 b3 18. Nf5 bxc2+ 19. Kxc2 Bxf5 20. exf5 Nb6 21. Bxf4 Qc8+ 22. Kb1 Qxf5+ 23. Bd3 Qxf4 24. Qxf4 exf4 25. Rhe1 Ra7 26. Ne2 d5 27. Nxf4 Bd6 28. Ne2 Re8 29. Nd4 Rxe1 30. Rxe1 Re7 31. Rxe7 Bxe7 32. Kc2 g6 33. b3 h6 34. bxa4 Nxa4 35. Bb5 Nc5 36. a4 Nxa4 37. Bxa4 hxg5 38. hxg5 Bxg5 39. Kd3 Bc1 40. Bb3 Kf8 41. Nc6 g5 42. Kd4 Kg7 43. Ke5 Bb2+ 44. Kf5 f6 45. Bxd5 Bc1 46. Nd8 Bb2 47. Ne6+ Kh6 48. Nc7 Kh5 49. Ne8 Kh4 50. Nxf6 Bc1 51. Ne4 Be3 52. Be6 Bc1 53. Kg6 Bf4 54. Bg4 Bc1 55. Kf5 Bf4 56. Ke6 Bc1 57. Ke5 Bf4+ 58. Kd4 Bc1 59. Kd3 Ba3 60. Ke2 Be7 61. Kf2 Bc5+ 62. Kg2 Bd6 63. Nd2 Bc7 64. Nf1 Bf4 65. Kf2 Be3+ 66. Ke2 Bf4 67. Kd3 Bc1 68. Ke4 Bf4 69. Ne3 Kg3 70. Nf5+ Kg2 71. Nd4 Kg3 72. Ne2+ 1-0

[Event "GER Cup Net Final-A U2400"]
[Site "Playchess.com INT"]
[Date "2020.06.06"]
[Round "4"]
[White "Cofman, Veaceslav"]
[Black "Leibbrand, Udo Manfred"]
[Result "1-0"]
[WhiteElo "2151"]
[BlackElo "2005"]
[PlyCount "105"]
[EventDate "2020.06.06"]
[EventType "swiss (blitz)"]
[EventRounds "13"]
[EventCountry "GER"]
[SourceTitle "CBM 197 Extra"]
[Source "ChessBase"]
[SourceDate "2020.09.30"]
[SourceVersion "1"]
[SourceVersionDate "2020.09.30"]
[SourceQuality "1"]

1. d4 Nf6 2. Nc3 d5 3. Bg5 Nbd7 4. Nf3 e6 5. e3 a6 6. Bd3 c5 7. dxc5 Nxc5 8. 0-0 Be7 9. Ne2 0-0 10. Ng3 h6 11. Bf4 Bd7 12. Ne5 Nxd3 13. cxd3 Rc8 14. Ne2 Qb6 15. Qd2 Bb4 16. Qd1 Bd6 17. b3 Rc7 18. Rc1 Rfc8 19. Rxc7 Rxc7 20. Qa1 Nh5 21. Nxd7 Rxd7 22. Bxd6 Qxd6 23. Qd4 Rc7 24. h3 Nf6 25. Ng3 Qc5 26. Qf4 Ne8 27. Nh5 Qd6 28. Qa4 Qc6 29. Qd4 Qc5 30. Qg4 Qc3 31. d4 Qd3 32. Qg3 Kf8 33. Nxg7 Rc2 34. Nxe8 Kxe8 35. Qb8+ Ke7 36. Qxb7+ Kf6 37. a4 Rb2 38. Qb8 Rxb3 39. Qd8+ Kg7 40. a5 Rb1 41. Rxb1 Qxb1+ 42. Kh2 Qa2 43. Kg3 Qc2 44. Qd6 Qg6+ 45. Kh2 Qc2 46. Qxa6 Qxf2 47. Qd3 Qa2 48. a6 Kf6 49. Qb5 Kf5 50. Qb7 Ke4 51. a7 Qe2 52. a8Q Qxe3 53. Qxf7 1-0

[Event "GER Cup Net Final-A U2400"]
[Site "Playchess.com INT"]
[Date "2020.06.06"]
[Round "2"]
[White "Leibbrand, Udo Manfred"]
[Black "Gungl, Theo"]
[Result "1/2-1/2"]
[WhiteElo "2005"]
[BlackElo "2130"]
[PlyCount "90"]
[EventDate "2020.06.06"]
[EventType "swiss (blitz)"]
[EventRounds "13"]
[EventCountry "GER"]
[SourceTitle "CBM 197 Extra"]
[Source "ChessBase"]
[SourceDate "2020.09.30"]
[SourceVersion "1"]
[SourceVersionDate "2020.09.30"]
[SourceQuality "1"]

1. c4 c6 2. f3 d5 3. cxd5 cxd5 4. d4 Nf6 5. e3 Nc6 6. a3 Bf5 7. Bd3 Bxd3 8. Qxd3 e6 9. Nc3 Bd6 10. Nge2 0-0 11. Bd2 Rc8 12. e4 dxe4 13. fxe4 Be5 14. Be3 Ng4 15. 0-0-0 Nxe3 16. Qxe3 Bf6 17. Kb1 Qb6 18. Rd3 Na5 19. Qc1 Nb3 20. Qd1 Rxc3 21. Rxc3 Nxd4 22. Nxd4 Bxd4 23. Rb3 Qc5 24. Qc2 Qxc2+ 25. Kxc2 b6 26. Kd3 e5 27. a4 g6 28. Rc1 Rd8 29. Ke2 Rd7 30. Rc6 Kg7 31. Rd3 Re7 32. b4 Rb7 33. Rd1 h5 34. Rdc1 a5 35. b5 Re7 36. Rc7 Re8 37. Rc8 Re7 38. R1c7 Re6 39. Rc6 Re7 40. R8c7 Re8 41. h4 Rd8 42. Rc8 Rd7 43. R8c7 Rd8 44. Rc8 Rd7 45. R8c7 Rd8 1/2-1/2

[Event "GER Cup Net Final-A U2400"]
[Site "Playchess.com INT"]
[Date "2020.06.06"]
[Round "10"]
[White "Loehr, Markus"]
[Black "Leibbrand, Udo Manfred"]
[Result "0-1"]
[WhiteElo "2078"]
[BlackElo "2005"]
[PlyCount "102"]
[EventDate "2020.06.06"]
[EventType "swiss (blitz)"]
[EventRounds "13"]
[EventCountry "GER"]
[SourceTitle "CBM 197 Extra"]
[Source "ChessBase"]
[SourceDate "2020.09.30"]
[SourceVersion "1"]
[SourceVersionDate "2020.09.30"]
[SourceQuality "1"]

1. d4 Nf6 2. c4 e6 3. Nf3 b6 4. g3 Bb7 5. Bg2 Be7 6. 0-0 0-0 7. Nc3 Ne4 8. Bd2 f5 9. Ne5 Nxc3 10. Bxc3 Bxg2 11. Kxg2 d6 12. Nd3 Bf6 13. Rc1 Nd7 14. Nf4 Qe7 15. d5 Bxc3 16. Rxc3 e5 17. Ne6 Rfc8 18. Qc2 g6 19. b4 c5 20. b5 a5 21. bxa6 Rxa6 22. a3 Rca8 23. Nc7 Rxa3 24. Nxa8 Rxa8 25. Qb2 e4 26. Ra3 Rf8 27. Ra7 f4 28. Qb5 Rf7 29. Qc6 f3+ 30. exf3 exf3+ 31. Kg1 h5 32. h4 Kg7 33. Kh2 Qe2 34. Kg1 Ne5 35. Rxf7+ Nxf7 36. Qd7 Qxc4 37. Qe6 Qd4 38. Re1 Qf6 39. Qd7 Qf5 40. Qxf5 gxf5 41. Rb1 Kf6 42. Rxb6 Ke5 43. Rb7 Nh6 44. Rh7 Ng4 45. Rxh5 c4 46. Rh8 c3 47. Rc8 Kd4 48. h5 Kd3 49. Kf1 Kd2 50. Rc4 c2 51. Rd4+ Kc3 0-1

[Event "GER Cup Net V2 U2400"]
[Site "Playchess.com INT"]
[Date "2020.05.22"]
[Round "8"]
[White "Leibbrand, Udo Manfred"]
[Black "Promyshlyanskiy, Vitaliy"]
[Result "1-0"]
[WhiteElo "1968"]
[BlackElo "2060"]
[PlyCount "53"]
[EventDate "2020.05.22"]
[EventType "swiss (blitz)"]
[EventRounds "9"]
[EventCountry "GER"]
[SourceTitle "EXT 2021"]
[Source "ChessBase"]
[SourceDate "2020.10.23"]
[SourceVersion "1"]
[SourceVersionDate "2020.10.23"]
[SourceQuality "1"]

1. c4 Nc6 2. Nf3 e5 3. d4 exd4 4. Nxd4 Bb4+ 5. Bd2 Qe7 6. Nxc6 bxc6 7. Nc3 Nf6 8. e3 0-0 9. Be2 Rb8 10. 0-0 d5 11. cxd5 cxd5 12. a3 Bd6 13. b4 c5 14. bxc5 Bxc5 15. a4 Bf5 16. Nb5 Rfe8 17. Bc3 a6 18. Nd4 Bd7 19. Bxa6 Ne4 20. Qd3 Rb6 21. Bb5 Rh6 22. Bxd7 Qxd7 23. f3 Nxc3 24. Qxc3 Bd6 25. f4 Qe7 26. Nf5 Qa7 27. Qxg7# 1-0

[Event "GER Cup Net V1 U2400"]
[Site "Playchess.com INT"]
[Date "2020.05.19"]
[Round "8"]
[White "Koepke, Christian"]
[Black "Leibbrand, Udo Manfred"]
[Result "1-0"]
[WhiteElo "2091"]
[BlackElo "1991"]
[PlyCount "37"]
[EventDate "2020.05.19"]
[EventType "swiss (blitz)"]
[EventRounds "9"]
[EventCountry "GER"]
[SourceTitle "EXT 2021"]
[Source "ChessBase"]
[SourceDate "2020.10.23"]
[SourceVersion "1"]
[SourceVersionDate "2020.10.23"]
[SourceQuality "1"]

1. e4 e5 2. Nf3 Nc6 3. Bc4 Bc5 4. c3 Nf6 5. d4 exd4 6. 0-0 d5 7. exd5 Nxd5 8. cxd4 Be7 9. Bxd5 Qxd5 10. Nc3 Qh5 11. d5 Ne5 12. Nxe5 Qxe5 13. Re1 Qd6 14. Nb5 Qc5 15. Nxc7+ Qxc7 16. d6 Qd8 17. Rxe7+ Kf8 18. Bg5 f6 19. Qd5 1-0

[Event "GER Cup Net V1 U2400"]
[Site "Playchess.com INT"]
[Date "2020.05.19"]
[Round "5"]
[White "Leibbrand, Udo Manfred"]
[Black "Frohnhaeuser, Simon"]
[Result "1-0"]
[WhiteElo "1991"]
[BlackElo "1752"]
[PlyCount "104"]
[EventDate "2020.05.19"]
[EventType "swiss (blitz)"]
[EventRounds "9"]
[EventCountry "GER"]
[SourceTitle "EXT 2021"]
[Source "ChessBase"]
[SourceDate "2020.10.23"]
[SourceVersion "1"]
[SourceVersionDate "2020.10.23"]
[SourceQuality "1"]

1. c4 Nf6 2. Nc3 g6 3. e4 e5 4. Nf3 Nc6 5. d4 exd4 6. Nxd4 Bg7 7. Nxc6 bxc6 8. Be2 0-0 9. 0-0 c5 10. e5 Ne8 11. f4 Bb7 12. Bf3 Bxf3 13. Qxf3 d6 14. Rd1 Qc8 15. Nd5 Kh8 16. Bd2 dxe5 17. fxe5 Bxe5 18. Bc3 Bg7 19. Ne7 Qb8 20. Rd7 Bxc3 21. Qxc3+ Ng7 22. Rf1 Qb4 23. Nd5 Qxc3 24. bxc3 Kg8 25. Ne7+ Kh8 26. Nd5 Kg8 27. Rxc7 Ne6 28. Re7 Rab8 29. Rxa7 Rb2 30. h4 h5 31. Rf3 Ng7 32. Nf6+ Kh8 33. Nd7 Re8 34. Rxf7 Re1+ 35. Kh2 Ree2 36. Ra8+ Ne8 37. Rf8+ Kg7 38. Raxe8 Rxg2+ 39. Kh3 Rh2+ 40. Kg3 Rhg2+ 41. Kf3 Rgf2+ 42. Ke4 Rfe2+ 43. Kd5 Rbd2+ 44. Kc6 Rxe8 45. Rxe8 Rxa2 46. Re7+ Kg8 47. Re8+ Kf7 48. Rf8+ Ke6 49. Nxc5+ Ke7 50. Rg8 Kf7 51. Rd8 Rh2 52. Rd4 Rd2 1-0

[Event "GER Cup Net V1 U2400"]
[Site "Playchess.com INT"]
[Date "2020.05.19"]
[Round "7"]
[White "Leibbrand, Udo Manfred"]
[Black "Gutheil, Heinrich"]
[Result "0-1"]
[WhiteElo "1991"]
[BlackElo "2141"]
[PlyCount "54"]
[EventDate "2020.05.19"]
[EventType "swiss (blitz)"]
[EventRounds "9"]
[EventCountry "GER"]
[SourceTitle "EXT 2021"]
[Source "ChessBase"]
[SourceDate "2020.10.23"]
[SourceVersion "1"]
[SourceVersionDate "2020.10.23"]
[SourceQuality "1"]

1. c4 g6 2. Nc3 Bg7 3. e3 c6 4. g3 d5 5. cxd5 cxd5 6. Bg2 Nf6 7. d4 0-0 8. h4 h5 9. Nge2 Nc6 10. b3 Bf5 11. 0-0 Nb4 12. a3 Nc6 13. Bd2 Rc8 14. Rc1 Bd3 15. Re1 e6 16. Nf4 Bf5 17. b4 Qd7 18. Na4 b6 19. Bf1 Nb8 20. Qb3 Ne4 21. Bc3 Rc7 22. b5 Rfc8 23. Bb2 Nd2 24. Qb4 Nf3+ 25. Kg2 Bf8 26. Qb3 Be4 27. Bd3 Nd2+ 0-1

[Event "GER-ch Net blitz qual4"]
[Site "Playchess.com INT"]
[Date "2020.03.23"]
[Round "2"]
[White "Kull, Florian"]
[Black "Leibbrand, Udo Manfred"]
[Result "1/2-1/2"]
[WhiteElo "2134"]
[BlackElo "2049"]
[PlyCount "55"]
[EventDate "2020.03.23"]
[EventType "swiss (blitz)"]
[EventRounds "9"]
[EventCountry "GER"]
[SourceTitle "CBM 195 Extra"]
[Source "ChessBase"]
[SourceDate "2020.05.31"]
[SourceVersion "1"]
[SourceVersionDate "2020.05.31"]
[SourceQuality "1"]

1. c4 e6 2. Nc3 Nf6 3. e4 d5 4. e5 d4 5. exf6 dxc3 6. bxc3 Qxf6 7. Nf3 b6 8. d4 h6 9. Bd3 Bb7 10. Qe2 Bd6 11. 0-0 0-0 12. Rb1 Nd7 13. Re1 Bxf3 14. Qxf3 Qxf3 15. gxf3 c5 16. f4 Rfd8 17. f5 cxd4 18. fxe6 fxe6 19. cxd4 e5 20. Be4 Rac8 21. Bd5+ Kf8 22. Bb2 Re8 23. dxe5 Nxe5 24. Rxe5 Rxe5 25. Bxe5 Bxe5 26. Re1 Bf6 27. a4 Re8 28. Kf1 1/2-1/2

[Event "GER-ch Net blitz qual4"]
[Site "Playchess.com INT"]
[Date "2020.03.23"]
[Round "5"]
[White "Radke, Rocco Mario"]
[Black "Leibbrand, Udo Manfred"]
[Result "1-0"]
[WhiteElo "2027"]
[BlackElo "2049"]
[PlyCount "117"]
[EventDate "2020.03.23"]
[EventType "swiss (blitz)"]
[EventRounds "9"]
[EventCountry "GER"]
[SourceTitle "CBM 195 Extra"]
[Source "ChessBase"]
[SourceDate "2020.05.31"]
[SourceVersion "1"]
[SourceVersionDate "2020.05.31"]
[SourceQuality "1"]

1. Nf3 Nc6 2. d4 d5 3. c4 Bg4 4. cxd5 Bxf3 5. gxf3 Qxd5 6. e3 e5 7. Nc3 Bb4 8. Bd2 Bxc3 9. bxc3 Qd6 10. Qb3 Nge7 11. Bg2 0-0 12. 0-0 exd4 13. cxd4 Nf5 14. f4 Nh4 15. Qd5 Nxg2 16. Qxd6 cxd6 17. Kxg2 d5 18. Rfc1 Rad8 19. Rab1 Rd7 20. a4 f5 21. Rc5 a6 22. a5 Kf7 23. Rc2 Ke6 24. Rcb2 Rff7 25. Rb6 Rc7 26. Kf3 Rfd7 27. Ke2 Kf7 28. R6b2 Ne7 29. Rc1 Rxc1 30. Bxc1 Nc6 31. Bd2 Ke8 32. Kf3 Kd8 33. Kg3 Kc8 34. Kh4 Rd6 35. Rc2 Rg6 36. Rc5 Rg2 37. Rxd5 Rxf2 38. Be1 Re2 39. Bg3 g6 40. Rc5 Kd7 41. Rc3 Ne7 42. Kg5 Nd5 43. Rb3 Kc8 44. Kh6 Nxe3 45. Kxh7 Nd5 46. Kxg6 Re4 47. Kxf5 Rxd4 48. Ke5 Rd1 49. Rf3 Nc7 50. f5 Rd5+ 51. Kf6 Kd7 52. Kg7 Ne8+ 53. Kg6 Rxa5 54. f6 Nxf6 55. Rxf6 Rc5 56. Rf7+ Kc6 57. h4 Rd5 58. Rf6+ Kb5 59. Rf5 1-0

[Event "GER-ch Net blitz qual4"]
[Site "Playchess.com INT"]
[Date "2020.03.23"]
[Round "3"]
[White "Traetmar, Mattis"]
[Black "Leibbrand, Udo Manfred"]
[Result "1-0"]
[WhiteElo "2009"]
[BlackElo "2049"]
[PlyCount "87"]
[EventDate "2020.03.23"]
[EventType "swiss (blitz)"]
[EventRounds "9"]
[EventCountry "GER"]
[SourceTitle "CBM 195 Extra"]
[Source "ChessBase"]
[SourceDate "2020.05.31"]
[SourceVersion "1"]
[SourceVersionDate "2020.05.31"]
[SourceQuality "1"]

1. e4 e5 2. Nf3 Nc6 3. Bb5 Nf6 4. 0-0 Nxe4 5. d4 Nd6 6. dxe5 Nxb5 7. a4 d6 8. axb5 Nxe5 9. Re1 Be7 10. Nxe5 dxe5 11. Qh5 0-0 12. Nc3 Bf6 13. Be3 a6 14. Red1 Bd7 15. Nd5 g6 16. Qf3 Bg7 17. Bc5 Re8 18. b6 e4 19. Qb3 Be6 20. bxc7 Qc8 21. Ne7+ Rxe7 22. Bxe7 Qxc7 23. Qb4 Rc8 24. c3 Qc6 25. Rd6 Qc4 26. Qxb7 e3 27. Qxc8+ Qxc8 28. Rd8+ Qxd8 29. Bxd8 exf2+ 30. Kxf2 Bc4 31. b4 Bb5 32. Rc1 Kf8 33. c4 Bc6 34. Bb6 Ke8 35. c5 Kd7 36. Rd1+ Ke7 37. Rd6 Bb5 38. Bd8+ Ke8 39. c6 Be5 40. c7 Bd7 41. Rxa6 f5 42. Ra8 Bd4+ 43. Ke2 Bb5+ 44. Kd2 1-0

[Event "GER-ch Net blitz qual2"]
[Site "Playchess.com INT"]
[Date "2020.03.16"]
[Round "1"]
[White "Weller, Manuel"]
[Black "Leibbrand, Udo Manfred"]
[Result "1/2-1/2"]
[WhiteElo "2242"]
[BlackElo "2049"]
[PlyCount "163"]
[EventDate "2020.03.16"]
[EventType "swiss (blitz)"]
[EventRounds "9"]
[EventCountry "GER"]
[SourceTitle "CBM 195 Extra"]
[Source "ChessBase"]
[SourceDate "2020.05.31"]
[SourceVersion "1"]
[SourceVersionDate "2020.05.31"]
[SourceQuality "1"]

1. c4 e6 2. g3 d5 3. Bg2 dxc4 4. Nf3 a6 5. 0-0 c5 6. Qc2 b5 7. a4 Bb7 8. axb5 axb5 9. Rxa8 Bxa8 10. Na3 Qb6 11. b3 cxb3 12. Qxb3 b4 13. Nc4 Qb5 14. Nd4 cxd4 15. Bxa8 Nf6 16. d3 Bc5 17. Bg5 Nd5 18. Ra1 h6 19. Ra5 Qd7 20. Bd2 Be7 21. Bxd5 exd5 22. Nb6 Qb7 23. Nxd5 Nc6 24. Ra8+ Bd8 25. Ra4 0-0 26. Nxb4 Be7 27. Qd5 Bxb4 28. Rxb4 Qa8 29. Rc4 Rc8 30. Bf4 Qa6 31. Kg2 Ne7 32. Rxc8+ Qxc8 33. Qxd4 Nf5 34. Qe5 Qd7 35. h3 f6 36. Qe4 Nd4 37. e3 Ne6 38. g4 Kf7 39. d4 Kg8 40. Bg3 Ng5 41. Qa8+ Kh7 42. Bf4 Qe6 43. Bxg5 hxg5 44. Qf3 Kh6 45. d5 Qe5 46. Qf5 Qc3 47. Qe4 Qc5 48. Qd4 Qd6 49. Qe4 g6 50. Qe6 Qc5 51. d6 Qc6+ 52. Kg1 Qc1+ 53. Kg2 Qc6+ 54. e4 Kg7 55. d7 Qxe6 56. d8Q Qxe4+ 57. Kh2 Qf4+ 58. Kg1 Qc1+ 59. Kg2 Qc6+ 60. Kg3 Kf7 61. Qd4 Ke6 62. Qe3+ Kf7 63. Qd4 Qe6 64. Qa7+ Kg8 65. Qb8+ Kh7 66. Qc7+ Kh6 67. Qb8 Kg7 68. Qc7+ Qf7 69. Qxf7+ Kxf7 70. f4 Ke6 71. Kf3 Kd5 72. Ke3 Kd6 73. Ke4 gxf4 74. Kxf4 Ke6 75. h4 Kf7 76. Ke4 Ke6 77. h5 gxh5 78. gxh5 f5+ 79. Kf4 Kf6 80. h6 Kg6 81. h7 Kxh7 82. Kxf5 1/2-1/2

[Event "GER-ch Net blitz qual1"]
[Site "Playchess.com INT"]
[Date "2020.03.07"]
[Round "3"]
[White "Reichmann, Hendrik"]
[Black "Leibbrand, Udo Manfred"]
[Result "0-1"]
[WhiteElo "2344"]
[BlackElo "2049"]
[PlyCount "120"]
[EventDate "2020.03.07"]
[EventType "swiss (blitz)"]
[EventRounds "9"]
[EventCountry "GER"]
[SourceTitle "CBM 195 Extra"]
[Source "ChessBase"]
[SourceDate "2020.05.31"]
[SourceVersion "1"]
[SourceVersionDate "2020.05.31"]
[SourceQuality "1"]

1. d4 Nf6 2. Bf4 d6 3. e3 Nbd7 4. Nf3 b6 5. h3 Bb7 6. Be2 c5 7. c3 g6 8. a4 a6 9. Nbd2 Bg7 10. 0-0 0-0 11. Bh2 Qc7 12. Re1 Ne4 13. Nc4 cxd4 14. exd4 Rfc8 15. Ne3 Qd8 16. Qb3 e6 17. Bd3 d5 18. Ng4 Nef6 19. Nge5 Nxe5 20. Nxe5 Ne8 21. Nf3 Nd6 22. Bxd6 Qxd6 23. Ne5 Qc7 24. Re3 Bc6 25. Qd1 Be8 26. h4 h5 27. g4 Qe7 28. gxh5 Bxe5 29. Rxe5 Qxh4 30. hxg6 fxg6 31. Qf3 Rc7 32. Rxe6 Rh7 33. Qxd5 Qh2+ 34. Kf1 Qh1+ 35. Qxh1 Rxh1+ 36. Ke2 Rxa1 37. Bxg6 Bxg6 38. Rxg6+ Kf7 39. Rxb6 Ra2 40. Kd3 Rxa4 41. d5 Ke7 42. c4 Rf8 43. b3 Ra3 44. Kd4 Rxf2 45. b4 Kd7 46. Kc5 Rc3 47. Rb7+ Kc8 48. Rb6 Rf4 49. Rc6+ Kb7 50. Rb6+ Ka7 51. Re6 Rcxc4+ 52. Kd6 Rxb4 53. Re7+ Rb7 54. Re8 Rf6+ 55. Ke5 Rfb6 56. d6 a5 57. Ke6 a4 58. Rc8 a3 59. Rc2 Ra6 60. Ra2 Rbb6 0-1

[Event "Baden-ch"]
[Site "Niefern"]
[Date "2019.07.28"]
[Round "7"]
[White "Leibbrand, Udo Manfred"]
[Black "Vatter, Hans Joachim"]
[Result "1/2-1/2"]
[WhiteElo "2036"]
[BlackElo "2226"]
[PlyCount "53"]
[EventDate "2019.07.24"]
[EventType "swiss"]
[EventRounds "7"]
[EventCountry "GER"]
[SourceTitle "CBM 191 Extra"]
[Source "ChessBase"]
[SourceDate "2019.09.30"]
[SourceVersion "1"]
[SourceVersionDate "2019.09.30"]
[SourceQuality "1"]

1. d4 Nf6 2. Nf3 e6 3. c4 d5 4. e3 a6 5. a3 dxc4 6. Bxc4 b5 7. Be2 Bb7 8. 0-0 Nbd7 9. b3 Bd6 10. Bb2 0-0 11. Nbd2 c5 12. a4 Qb6 13. axb5 axb5 14. Rxa8 Rxa8 15. Qc2 h6 16. Ra1 Rc8 17. Qd1 Ne4 18. Qf1 Nxd2 19. Nxd2 cxd4 20. Bxd4 Qc7 21. Bxb5 Bxh2+ 22. Kh1 Bd6 23. Nc4 Nc5 24. Ra7 Bf8 25. b4 Nb3 26. Na5 Nxa5 27. bxa5 1/2-1/2

[Event "Baden-ch"]
[Site "Niefern"]
[Date "2019.07.27"]
[Round "6"]
[White "Kuehnel, Lena"]
[Black "Leibbrand, Udo Manfred"]
[Result "1/2-1/2"]
[WhiteElo "1953"]
[BlackElo "2036"]
[PlyCount "45"]
[EventDate "2019.07.24"]
[EventType "swiss"]
[EventRounds "7"]
[EventCountry "GER"]
[SourceTitle "CBM 191 Extra"]
[Source "ChessBase"]
[SourceDate "2019.09.30"]
[SourceVersion "1"]
[SourceVersionDate "2019.09.30"]
[SourceQuality "1"]

1. e4 e5 2. Nf3 Nc6 3. Bc4 Bc5 4. c3 Nf6 5. d4 exd4 6. e5 d5 7. Bb5 Ne4 8. cxd4 Bb4+ 9. Bd2 Nxd2 10. Nbxd2 0-0 11. Bxc6 bxc6 12. Rc1 Bd7 13. 0-0 Rb8 14. a3 Be7 15. Nb3 Rb6 16. Rc3 Qa8 17. Ne1 Bc8 18. Nd3 Ba6 19. Re1 Bc4 20. Na5 Bxd3 21. Qxd3 Rxb2 22. Nxc6 Re8 23. Nxe7+ 1/2-1/2

[Event "Baden-ch"]
[Site "Niefern"]
[Date "2019.07.26"]
[Round "4"]
[White "Maehrlein, Christoph"]
[Black "Leibbrand, Udo Manfred"]
[Result "0-1"]
[WhiteElo "2075"]
[BlackElo "2036"]
[PlyCount "70"]
[EventDate "2019.07.24"]
[EventType "swiss"]
[EventRounds "7"]
[EventCountry "GER"]
[SourceTitle "CBM 191 Extra"]
[Source "ChessBase"]
[SourceDate "2019.09.30"]
[SourceVersion "1"]
[SourceVersionDate "2019.09.30"]
[SourceQuality "1"]

1. d4 Nf6 2. c4 e6 3. g3 d5 4. Nf3 dxc4 5. Bg2 a6 6. 0-0 Nc6 7. Nc3 Rb8 8. e4 Be7 9. b3 Bb4 10. Ne2 cxb3 11. Qxb3 Be7 12. Qe3 0-0 13. Bb2 Na5 14. Rac1 b5 15. Ne5 Nd7 16. Rfd1 Nxe5 17. dxe5 Qe8 18. Rxc7 Rb7 19. Rxb7 Bxb7 20. Bc3 Nc4 21. Qa7 Qc8 22. Bd4 Qc7 23. Rc1 Ra8 24. Qb6 Qd7 25. Rxc4 bxc4 26. Nc3 Bc6 27. Be3 Qb7 28. a4 Qxb6 29. Bxb6 Bb4 30. Na2 Bd2 31. Bf1 c3 32. Ba5 Bxa4 33. Bxc3 Bxc3 34. Nxc3 Bc6 35. f3 a5 0-1

[Event "Baden-ch"]
[Site "Niefern"]
[Date "2019.07.24"]
[Round "1"]
[White "Leibbrand, Udo Manfred"]
[Black "Cofman, Veaceslav"]
[Result "0-1"]
[WhiteElo "2036"]
[BlackElo "2268"]
[PlyCount "90"]
[EventDate "2019.07.24"]
[EventType "swiss"]
[EventRounds "7"]
[EventCountry "GER"]
[SourceTitle "CBM 191 Extra"]
[Source "ChessBase"]
[SourceDate "2019.09.30"]
[SourceVersion "1"]
[SourceVersionDate "2019.09.30"]
[SourceQuality "1"]

1. c4 e5 2. Nc3 Nf6 3. Nf3 Nc6 4. e3 d6 5. d4 g6 6. dxe5 Nxe5 7. Nxe5 dxe5 8. Qxd8+ Kxd8 9. Be2 Bb4 10. Bd2 c6 11. 0-0 Be6 12. Rfd1 Be7 13. Na4 Nd7 14. Bc3 f6 15. b4 Ke8 16. f3 Kf7 17. Kf2 Rhd8 18. Rd2 c5 19. b5 b6 20. Nb2 f5 21. a4 Bf6 22. a5 e4 23. Bxf6 Nxf6 24. Rxd8 Rxd8 25. axb6 axb6 26. Ra7+ Kf8 27. Ke1 exf3 28. gxf3 Nd7 29. f4 h6 30. Na4 Rb8 31. Ra6 Ke7 32. Kd2 g5 33. fxg5 hxg5 34. Kc3 Kd6 35. Bf3 Bxc4 36. Bc6 Be6 37. Bxd7 Bxd7 38. Nxb6 Bxb5 39. Nc4+ Kd5 40. Rf6 Bxc4 41. Rxf5+ Ke4 42. Rxc5 Bd5 43. Rc7 Kxe3 44. Rh7 Rb3+ 45. Kc2 Be4+ 0-1

[Event "Verbandsliga Nordbaden 1819"]
[Site "Baden"]
[Date "2019.01.27"]
[Round "5.6"]
[White "Leibbrand, Udo Manfred"]
[Black "Schulenburg, Bernd"]
[Result "1/2-1/2"]
[WhiteElo "2036"]
[BlackElo "2141"]
[PlyCount "61"]
[EventDate "2018.10.14"]
[EventType "team-tourn"]
[EventRounds "9"]
[EventCountry "GER"]
[SourceTitle "EXT 2020"]
[Source "ChessBase"]
[SourceDate "2019.10.17"]
[SourceVersion "1"]
[SourceVersionDate "2019.10.17"]
[SourceQuality "1"]
[WhiteTeam "Pforzheim"]
[BlackTeam "Heidelberg"]
[WhiteTeamCountry "GER"]
[BlackTeamCountry "GER"]

1. c4 c5 2. Nc3 Nf6 3. Nf3 b6 4. e3 e6 5. Be2 Be7 6. 0-0 0-0 7. d4 cxd4 8. exd4 d5 9. b3 Bb7 10. Bb2 Nbd7 11. Rc1 Rc8 12. Ne5 a6 13. cxd5 exd5 14. Bd3 Bd6 15. Bf5 Rc7 16. Ne2 Re8 17. Nxd7 Nxd7 18. Qd3 Nf6 19. Rxc7 Qxc7 20. Rc1 Qe7 21. Rc2 b5 22. g3 b4 23. Bc1 g6 24. Bh3 Ne4 25. f3 Ng5 26. Bg2 Ne6 27. Kf2 Qd7 28. Be3 Kg7 29. f4 Nc7 30. Ng1 Nb5 31. Bh3 1/2-1/2